Juliette éternelle: nouvelles
Kaydedildi:
| Yazar: | |
|---|---|
| Materyal Türü: | Kitap |
| Dil: | Undetermined |
| Baskı/Yayın Bilgisi: |
Lausanne, Suiza
Éditions Castella
1971
|
| Konular: | |
| Etiketler: |
Etiketle
Etiket eklenmemiş, İlk siz ekleyin!
|
MARC
| LEADER | 00000nam a2200000Ia 4500 | ||
|---|---|---|---|
| 008 | 170316s9999 xx 000 0 und d | ||
| 999 | |c 30820 |d 30820 | ||
| 020 | |a 2-88087-006-2 | ||
| 040 | |a cru BVZT | ||
| 090 | |a 800-S B-2j | ||
| 100 | |a Bille, Corinna |d 1912-1979 |q Stéphanie Corinna Bille | ||
| 245 | |a Juliette éternelle: nouvelles | ||
| 260 | |a Lausanne, Suiza |b Éditions Castella |c 1971 | ||
| 300 | |a 235 páginas | ||
| 500 | |a Incluye índice de contenido | ||
| 650 | |a OTRAS LITERATURAS |9 193 | ||
| 650 | |a LITERATURA SUIZA | ||
| 650 | |a EN IDIOMA FRANCÉS | ||
| 942 | |c 15 D |h 800-S B-2j |2 z | ||



